000 00467cam a22001574a 4500
020 _a9781422187302 (alk. paper)
040 _cDLC
082 0 0 _a658 HAR 2012 A116 Or.
245 0 0 _aHBR guide to finance basics for managers.
260 _aBoston, Mass. :
_bHarvard Business Review Press,
_cc2012.
300 _aix, 174 p. ;
_c23 cm.
490 0 _aHarvard business review guides
650 0 _aBusiness enterprises
650 0 _aFinancial statements.
942 _cAEDBB
999 _c17526
_d17526